Энхэр бага нас (Бичлэгийн дугаар. 1145193)

MARC дэлгэрэнгүй
000 -Удирдлага
Ном зүйн бүртгэл тоо буюу кодлох утгыг агуулсан 01640nam a22002057a 4500
003 - ХЯНАЛТЫН ТОО ТОДОРХОЙЛОГЧ
Код MN-UlNLM
005 - ХАМГИЙН СҮҮЛИЙН ҮЕИЙН ХЭЛЦЛИЙН ОГНОО БА ЦАГ
Тухайн бичилтийг бичсэн засварласан сүүлийн огноо. 20241015115023.0
008 - ЕРӨНХИЙ МЭДЭЭЛЭЛ-ЭЛЕМЕНТҮҮДИЙН ӨГӨГДЛИЙН УРТ
fixed length control field 240920s2020 mp ||||| |||| 00| 0 mon d
020 ## - ОЛОН УЛСЫН СТАНДАРТ НОМЫН ДУГААР-ISBN
Олон Улсын Стандарт Номын Дугаар 9789919204341
040 ## - ЭХ СУРВАЛЖИЙГ ТОДОРХОЙЛОН БИЧИХ
Каталогийн хэл Монгол
084 ## - БУСАД АНГИЛЛЫН ДУГААР
Ангиллын нэр Номын сан номзүйн ангилал
Анги 84(5Мон)
Зохиогчийн 3-н тэмдэгт Э 66
Шинжлэх ухааны мэдлэгийн салбар Уран зохиол - 84
100 1# - ЗОХИОГЧИЙН ХЭСЭГ
Зохиогчийн нэр Энхбаяр Ш.
245 1# - ҮНДСЭН ГАРЧИГ
Гарчиг Энхэр бага нас
Гарчигт хамааралтай мэдээ Эцэг эхчүүдэд зөвлөгөө
Оролцогчдын тухай мэдээ Эрхэл. Ц.Бадамхорол
-- Хян. Ч.Пүрэвдорж
260 1# - ГАРАЛТЫН ТУХАЙ МЭДЭЭ
Хэвлэгдсэн газар УБ
Хэвлэлийн газар Жиком пресс
Хэвлэгдсэн он 2020
300 ## - ТООНЫ МЭДЭЭ
Хуудасны тоо 68х
Дагалдах материал Зур
505 ## - FORMATTED CONTENTS NOTE
Title Эцэг эхчүүд анхаарна уу --
-- Хүүхэдтэйгээ сайн ярилцаж бай --
-- Хүүхдийнхээ сайн талыг олж нээ! --
-- Итгэлийг хөгжүүлэх хүчин зүйл --
-- Хүүхдэд саад болдог гол юм --
-- Өөртөө итгэх итгэл --
-- Хүүхдийн авьяасыг хөгжүүлэх нь --
-- Бүхнийг хянах гэж бүү оролд! --
-- Хүүхдийг хариуцлагатай болгох нь --
-- Хүүхдийн зоригийг нь хөгжүүл --
-- Уран бүтээлийн дээжис --
-- Мөрөөдөл --
-- Хүнсчин --
-- Хэн түрүүлсэн бэ? --
-- Мөөг --
-- Бөөрөнхий --
-- Ногоон гэрэл --
-- Ороо янзага --
-- Бөмбөг --
-- Би --
-- Мэддэгт мэргэн цоохор --
-- Хөөрөн тав --
-- Одонд очно би --
-- Зээрд даага --
-- Өөлөн ээжийн бүүвэй --
-- Эр цэрэг --
-- Аавын мөнгөн аяга --
546 ## - ХЭЛНИЙ ТУХАЙ МЭДЭЭ
Хэл mon
650 ## - Сэдэв
Сэдэв Уран зохиол
942 ## - ЭЛЕМЕНТИЙН ТӨРӨЛ
Төрөл Ном
Захиалгууд
Буцаан татагдсан төлөв Хасагдсан шалтгаан Гэмтсэн төлөв Данс заагч Захиалах боломжгүй Үндсэн номын сан Одоогийн байршил Салбар танхим Салбар танхим Бүртгэсэн огноо Бүрдүүлэлтийн эх үүсвэр Тавиурын заалт Баркод Үнэ Хамгийн сүүлд байсан огноо Нийт уншлаганд гарсан тоо Дансны дугаар Ангиллын нэр Фактур мөрийн дугаар Төрөл
          МУҮНомын сан салбар МУҮНомын сан салбар МУҮНС салбар | Язгуур танхим 8 давхар МУҮНС салбар | Язгуур танхим 8 давхар 2024-11-04 Худалдан авсан 84(5Мон) Э 66 006000098869 8000.00 2024-11-04   98869     Ном
          МУҮНомын сан салбар МУҮНомын сан салбар МУҮНС салбар | Язгуур танхим 8 давхар МУҮНС салбар | Язгуур танхим 8 давхар 2024-11-04 Худалдан авсан 84(5Мон) Э 66 006000098870 8000.00 2024-11-04   98870     Ном
          МУҮНомын сан салбар МУҮНомын сан салбар МУҮНС салбар | Язгуур танхим 8 давхар МУҮНС салбар | Язгуур танхим 8 давхар 2024-11-04 Худалдан авсан 84(5Мон) Э 66 006000098871 8000.00 2024-11-04   98871     Ном
        Албан хэрэгцээнд МУҮндэсний Номын сан МУҮндэсний Номын сан МУҮНС төв | Архив фонд төв байр МУҮНС төв | Архив фонд төв байр 2024-09-20 Худалдан авсан 84(5Мон) Э 66 003110043634 8000.00 2024-09-20   43634 Номын сан номзүйн ангилал 240527.00 Ном
          МУҮндэсний Номын сан МУҮндэсний Номын сан МУҮНС төв | Ойр фонд МУҮНС төв | Ойр фонд 2024-11-04 Худалдан авсан 84(5Мон) Э 66 006000098868 8000.00 2024-11-04   98868     Ном